Los servicios digitales y los impuestos a los consumos (Registro nro. 34912)

Detalles MARC
000 -LEADER
fixed length control field 00325 a2200109 4500
001 - CONTROL NUMBER
control field ART_47579
005 - DATE AND TIME OF LATEST TRANSACTION
control field 20260410162041.0
008 - FIXED-LENGTH DATA ELEMENTS--GENERAL INFORMATION
fixed length control field 260409a
100 1# - MAIN ENTRY--PERSONAL NAME
Personal name Coronello, Silvina E.
245 10 - TITLE STATEMENT
Title Los servicios digitales y los impuestos a los consumos
773 0# - HOST ITEM ENTRY
Title Impuestos
Related parts - N°36 (sep. 2018)
Record control number REV45175

No hay ítems disponibles.